000
00309nam a2200133Ia 4500
005
20251222155154.0
008
251222s9999||||xx |||||||||||||| ||spa||
082
_a
MEQ.314
100
_a
Braunwald W.
245
0
_a
Principios de medicina interna
250
_a
12va. ed.
264
_b
Edigrafos
942
_c
LIB
999
_c
39662
_d
39662